Lecciones de aritmética aplicadas a las diferentes cuestiones mercantiles para las escuelas y colegios de primera enseñanza. Libro del alumno. Grado superior.

Gespeichert in:
Bibliographische Detailangaben
1. Verfasser: Dalmáu Carles, José. Autor
Format: Buch
Sprache:Spanisch
Erschienen: Gerona : Dalmau Carles, Pla, editores, 1939
Ausgabe:139ª ed.
Katalog:MANES:  Suchergebnis im Bibliothekskatalog
Schulbuchspezifische Eigenschaften:
Tags: Tag hinzufügen
Keine Tags, Fügen Sie den ersten Tag hinzu!
Hinzugefügt zu:24.07.2025
Geändert in:25.07.2025

MARC

LEADER 00000nam a22000007a 4500
003 OSt
005 20250725180051.0
008 250725b |||||||| |||| 00| 0 spa d
040 |a centro_manes  |c Aula Museo de la Universidad de Oviedo 
100 |a Dalmáu Carles, José. Autor  |9 4856 
245 |a Lecciones de aritmética aplicadas a las diferentes cuestiones mercantiles para las escuelas y colegios de primera enseñanza.   |b Libro del alumno. Grado superior.  
250 |a 139ª ed.  
260 |a Gerona :   |b Dalmau Carles, Pla, editores,   |c 1939 
300 |a 262 p.   |c 18 x 12 cm.  
500 |a Ilustraciones. En portada: José Dalmáu Carles, es “Profesor Normal, Ex- Director del grupo escolar de Gerona” y “1.ª parte. Comprende, además de la teoría indispensable, más de 2,500 problemas y ejercicios prácticos para el cálculo mental y escrito, debidamente metodizados y de aplicación inmediata, conforme exige la enseñanza racional de esta importante materia”. “Declarado de texto en 12 de abril de 1894. Medalla de oro en la exposición científica del “Palais du Travail” de París”. En la portada: "1939 Año de la victoria". En la cubierta consta “1938”. 
546 |a España 
690 0 |a MATE 
691 0 |a PRI 
942 |2 ddc  |c BK 
999 |c 104921  |d 104921 
999 |c manes:104921  |d 104921